載入...

Diary of a Wimpy Kid : Greg Heffley`s Journal

書目詳細資料
主要作者: Kinney,Jeff
格式: Printed Book
語言:Undetermined
出版: England Puffin 2010
主題:
LEADER 00552nam a2200157Ia 4500
008 140316s9999 xx 000 0 und d
020 |a 9780141324906 
082 |a 808.89  |b KIN/DI 
100 |a Kinney,Jeff 
245 |a Diary of a Wimpy Kid : Greg Heffley`s Journal 
260 |a England  |b Puffin  |c 2010 
300 |a 217 
650 |a Children`s Literature 
942 |2 ddc  |c BK 
999 |c 13112  |d 13112 
952 |0 0  |1 0  |2 ddc  |4 0  |6 808_890000000000000_KINDI  |7 0  |9 14346  |a KAUCLV  |b KAUCLV  |c GENERAL  |d 2014-03-18  |l 17  |m 3  |o 808.89 KIN/DI  |p 222549  |r 2019-11-15  |s 2019-08-03  |w 2014-03-18  |y BK